000 00667nam a2200217Ii 4500
003 JO-AjNU
008 230605s9999||||xx |||||||||||||| ||und||
017 _a1989/549
040 _aJO-AjNU
_bara
_erda
_cJO-AjNU
041 _aara
050 1 4 _aBP165.I4222 1989
100 3 _aخليل، عماد الدين,
_eauthor
_914315
245 0 0 _aمؤشرات إسلامية في زمن السرعة
250 _aط1
264 3 1 _aبغداد: دار الانبار للطباعة والنشر،1989
300 _a195ص
336 _atext
_btxt
_2rdacontent
337 _aunmediated
_bn
_2rdamedia
338 _avolume
_bnc
_2rdacarrier
650 4 _aالاسلام
_914316
999 _aA3788
_c7356
_d7356